| 000 | 01021cab a2200277 4500 | ||
|---|---|---|---|
| 001 | ABS46352 | ||
| 008 | 090401t1992 xxu||||| |||| 00| 0 eng d | ||
| 035 | _a(Sirsi) u57924 | ||
| 041 | _aeng | ||
| 100 | _aBressington, P. | ||
| 245 | 4 | _aThe London Ark | |
| 260 | _c1992 | ||
| 350 | _a0 | ||
| 490 |
_aBuilding Services _v14(5) May 1992, 47-50(4) |
||
| 520 | _aA `Technical File` linking two articles on the Ark`s building services: its fire prevention equipment and convective cooling system. Both are of interest as they have been developed to meet the specifications of a pioneering building design. | ||
| 650 | _aBUILT ENVIRONMENT-BUILDING ELEMENTS-COMPLETE BUILDING SERVICES ELEMENTS-COMPLETE HEATING, VENTILATION AND AIR CONDITIONING SYSTEMS | ||
| 650 | _aBUILDING PROJECTS | ||
| 650 |
_aBlock management _96220 |
||
| 650 | _aFIRE DETECTION | ||
| 650 | _aFIRE PRECAUTIONS | ||
| 650 | _aLONDON ARK | ||
| 690 |
_aBlock management _96220 |
||
| 700 | _aHaigh, G. | ||
| 942 | _n0 | ||
| 948 | _c04/03/1997 | ||
| 999 |
_c35359 _d35359 |
||